Αντιλήψεις εργαζομένων γονέων του Δ. Δ. Μυτιλήνης για την συμφιλίωση επαγγελματικής και οικογενειακής ζωής : διπλωματική εργασία [μεταπτυχιακή εργασία]

Αποθηκεύτηκε σε:
Λεπτομέρειες βιβλιογραφικής εγγραφής
Κύριος συγγραφέας: Βουλγαρέλλη, Ιωάννα
Συγγραφή απο Οργανισμό/Αρχή: Πανεπιστήμιο Αιγαίου Σχολή Ανθρωπιστικών Επιστημών Τμήμα Επιστημών της Προσχολικής Αγωγής και του Εκπαιδευτικού Σχεδιασμού Πρόγραμμα Μεταπτυχιακών Σπουδών Φύλο και Νέα Εκπαιδευτικά και Εργασιακά Περιβάλλοντα στην Κοινωνία της Πληροφορίας
Άλλοι συγγραφείς: Φώκιαλη, Περσεφόνη (dgsf)
Μορφή: Thesis Βιβλίο
Γλώσσα:Greek
Δημοσίευση: 2013.
Θέματα:
Διαθέσιμο Online:http://hdl.handle.net/11610/13932
Ετικέτες: Προσθήκη ετικέτας
Δεν υπάρχουν, Καταχωρήστε ετικέτα πρώτοι!

MARC

LEADER 00000cam a2200000 i 4500
001 1/37104
008 131010s2013 gre d
035 |l 10115774 
040 |a GR-MY-UA  |b gre  |e aacr 
041 0 |a gre 
082 0 |a 306.85  |2 (22) 
100 1 |a Βουλγαρέλλη, Ιωάννα. 
245 1 0 |a Αντιλήψεις εργαζομένων γονέων του Δ. Δ. Μυτιλήνης για την συμφιλίωση επαγγελματικής και οικογενειακής ζωής :   |b διπλωματική εργασία [μεταπτυχιακή εργασία] /   |c Βουλγαρέλλη Ιωάννα ; επιβλέπουσα: Περσεφόνη Φώκιαλη.  
260 |c 2013.  
300 |a 117 σ. :   |b πίν. ;   |c 30 εκ.  
500 |a Μέλη εξεταστικής επιτροπής: Βιτσιλάκη Χρυσή, Κόνσολας Εμμανουήλ.  
502 |a Διατριβή (μεταπτυχιακή) – Πανεπιστήμιο Αιγαίου, Ρόδος, 2013. 
504 |a Βιβλιογραφία: σ. 95-107 
650 0 |a Work and family  |z Greece  |z Mytilene (Lesbos) 
650 0 0 |a Parenting. 
650 0 |a Families  |z Greece  |z Mytilene (Lesbos) 
650 0 |a Family policy  |z Greece  |z Mytilene (Lesbos) 
650 0 0 |a Parents  |x Attitudes. 
650 0 0 |a Dissertations, Academic  |z Greece. 
700 1 |a Φώκιαλη, Περσεφόνη,  |e dgsf 
710 1 |a Πανεπιστήμιο Αιγαίου   |b Σχολή Ανθρωπιστικών Επιστημών   |b Τμήμα Επιστημών της Προσχολικής Αγωγής και του Εκπαιδευτικού Σχεδιασμού   |b Πρόγραμμα Μεταπτυχιακών Σπουδών Φύλο και Νέα Εκπαιδευτικά και Εργασιακά Περιβάλλοντα στην Κοινωνία της Πληροφορίας. 
852 |a INST  |b RHODES  |c DIATR  |e 20131010  |h 306.85 ΒΟΥ  |p 005400035621  |q 005400035621  |t MTXE  |y 23 
852 |a INST  |b RHODES  |c DIATR  |e 20131010  |h 306.85 ΒΟΥ  |p 005400035622  |q 005400035622  |t MTXE  |y 23 
856 |u http://hdl.handle.net/11610/13932 
901 |a BIBL4-2013-3 
909 |a Ρ  |b 177126 
909 |a Ρ  |b 177127 
924 |a ΒΟΥΛΓΑΡΕΛΛΗ  |b ΙΩΑΝΝΑ  |y ΡΟΔΟΣ  |z 2013-07 
970 |z 2013/10/10